000 00607nam a2200217 a 4500
001 86622
003 BD-RjUL
005 20260702110243.0
008 260702s1888 enk||||| |||| 00| 0 eng d
035 _a(BD-RjUL)86622
040 _aBD-RjUL
_beng
_cBD-RjUL
041 _aeng
082 _a330.1
_bJET 1888
100 _aJevons, William Stanley
_918782
245 _aThe Theory of Political Economy /
_cWilliam Stanley Jevons
260 _aLondon :
_bMacmillan and Co.,
_c1888
300 _a296 p.:
_bill.;
_c23 cm.
600 _aEconomics
_918783
650 _aPolitical economy
_918784
942 _2ddc
_cBK
999 _c86622
_d86622